Η ελληνική φιλοσοφία από την αρχαιότητα έως τον 20ό αιώνα

Αποθηκεύτηκε σε:
Λεπτομέρειες βιβλιογραφικής εγγραφής
Συγγραφή απο Οργανισμό/Αρχή: Ελληνικό Ανοικτό Πανεπιστήμιο
Άλλοι συγγραφείς: Καλογεράκος, Ιωάννης Γ., Χριστιανίδης, Γιάννης
Μορφή: Βιβλίο
Γλώσσα:Greek
Δημοσίευση: Πάτρα : Ελληνικό Ανοικτό Πανεπιστήμιο, 2000
Πάτρα : 2000
Θέματα:
Ετικέτες: Προσθήκη ετικέτας
Δεν υπάρχουν, Καταχωρήστε ετικέτα πρώτοι!

MARC

LEADER 00000cam a2200000 i 4500
001 1/44268
008 070515s2000 gre d
008 070514s2000 gre d
020 |a 960-538-290-3 (τ.Α) 
020 |a 960-538-198-2 (τ.Β) 
035 |l 10087819 
035 |l 10087809 
040 |a GR-MY-UA  |b gre  |e aacr 
040 |a GR-MY-UA  |b gre  |e aacr 
041 0 |a gre 
041 0 |a gre 
082 0 |a 180  |2 (22) 
082 0 |a 180.938  |2 (22) 
245 1 2 |a Η ελληνική φιλοσοφία από την αρχαιότητα έως τον 20ό αιώνα /  |c Ιωάννης Καλογεράκος ... [και ά.] ; Ελληνικό Ανοικτό Πανεπιστήμιο 
245 1 3 |a Οι επιστήμες στην αρχαία Ελλάδα, στο βυζάντιο και στο νεότερο ελληνισμό /  |c Γιάννης Χριστιανίδης ... [και ά.] ; Ελληνικό Ανοικτό Πανεπιστήμιο 
260 |a Πάτρα :   |b Ελληνικό Ανοικτό Πανεπιστήμιο,   |c 2000 
260 |a Πάτρα :   |b Ελληνικό Ανοικτό Πανεπιστήμιο,   |c 2000 
300 |a 440 σ.;  |c 28 εκ.  
300 |a 377 σ. ;  |b εικ. ;  |c 28 εκ.  
500 |a Σχολή Ανθρωπιστικών Σπουδών, Πρόγραμμα Σπουδών: Σπουδές στον Ελληνικό Πολιτισμό, Θεματική Ενότητα: Ελληνική Φιλοσοφία και Επιστήμη: από την Αρχαιότητα έως τον 20ό Αιώνα 
500 |a Σχολή Ανθρωπιστικών Σπουδών, Πρόγραμμα Σπουδών: Σπουδές στον Ελληνικό Πολιτισμό, Θεματική Ενότητα: Ελληνική Φιλοσοφία και Επιστήμη: Από την Αρχαιότητα έως τον 20ό Αιώνα 
504 |a Περιέχει βιβλιογραφία 
504 |a Περιέχει βιβλιογραφία 
650 0 0 |a Philosophy  |x History. 
650 0 0 |a Science, Ancient  |x History. 
650 0 0 |a Science and civilization. 
651 0 |a Greece  |x Civilization. 
700 1 |a Καλογεράκος, Ιωάννης Γ. . 
700 1 |a Χριστιανίδης, Γιάννης. 
710 2 |a Ελληνικό Ανοικτό Πανεπιστήμιο. 
774 1 |t Η ελληνική φιλοσοφία και επιστήμη ; από την αρχαιότητα έως τον 20ό αιώνα 
774 1 |t Ελληνική φιλοσοφία και επιστήμη ; από την αρχαιότητα έως τον 20ό αιώνα 
901 |a BIBL1-2007-2 
901 |a BIBL1-2007-2 
909 |a Λ  |b 132014 
909 |a Λ  |b 131933 
970 |a ΧΑΤΖΗΜΙΧΑΗΛ  |b ΜΑΡΙΑ  |z 2007/05/15 
970 |a ΧΑΤΖΗΜΙΧΑΗΛ  |b ΜΑΡΙΑ  |z 2007/05/14